[Event "4NCL/Div2c/GUI3 vs. PANDG"]
[Site "Staverton Park ENG"]
[Date "2009.05.04"]
[Round "11.8"]
[White "Burrows, Martin P"]
[Black "Quinn, Joseph"]
[Result "1-0"]
[WhiteElo "2216"]
[BlackElo "1881"]
[PlyCount "71"]
[EventDate "2009.05.04"]
[SourceDate "2008.10.04"]

1. e4 e5 2. Bc4 Nf6 3. d4 exd4 4. Nf3 Nc6 5. e5 d5 6. Bb5 Ne4 7. Nxd4 Bd7 8.
Bxc6 bxc6 9. O-O Bc5 10. f3 Ng5 11. Be3 O-O 12. Qd2 Ne6 13. Nxe6 Bxe3+ 14. Qxe3
Bxe6 15. c3 Bf5 16. Nd2 Re8 17. Rfe1 Qe7 18. Nb3 Qe6 19. Qc5 Qg6 20. Kh1 a6 21.
Nd4 Bd7 22. f4 Rab8 23. b4 Rb6 24. a4 h6 25. a5 Rb7 26. Re3 Qg4 27. Rf1 Qg6 28.
Rfe1 Qg4 29. Rf1 Qg6 30. h3 Kh7 31. Kh2 Qh5 32. Nb3 Rb5 33. Qd4 Qf5 34. Qd2 Rb7
35. Nc5 Rb5 36. g4 1-0

[Event "4NCL/Div2d/SWD2 vs. BARY"]
[Site "Hinckley Island ENG"]
[Date "2009.03.22"]
[Round "8.1"]
[White "Brown, Alan M"]
[Black "Franklin, Samuel"]
[Result "1/2-1/2"]
[WhiteElo "2115"]
[BlackElo "2142"]
[PlyCount "151"]
[EventDate "2009.03.22"]
[EventCountry "ENG"]
[SourceDate "2008.10.04"]

1. Nf3 Nf6 2. c4 g6 3. g3 Bg7 4. Bg2 O-O 5. O-O d6 6. Nc3 Nc6 7. d4 a6 8. b3
Rb8 9. Bb2 b5 10. Ng5 Bd7 11. cxb5 axb5 12. Rc1 e6 13. Nge4 Nd5 14. e3 b4 15.
Nxd5 exd5 16. Nd2 Ne7 17. a3 Bf5 18. axb4 Rxb4 19. Bc3 Rb5 20. Re1 Qd7 21. Bf1
Rb7 22. b4 c6 23. Nb3 Ra8 24. Na5 Rbb8 25. Qd2 h5 26. Ra1 h4 27. f3 hxg3 28.
hxg3 Bh3 29. Be2 Be6 30. Kf2 Bf6 31. Rh1 Bf5 32. g4 Be6 33. Rag1 g5 34. f4 Ng6
35. f5 Bxf5 36. gxf5 Qxf5+ 37. Ke1 c5 38. Bd3 Qf3 39. bxc5 dxc5 40. Qf2 Qxf2+
41. Kxf2 cxd4 42. exd4 Rxa5 43. Bxa5 Bxd4+ 44. Ke1 Bxg1 45. Rxg1 Ra8 46. Bc3 d4
47. Bxd4 Rd8 48. Rg4 Rd5 49. Bc4 Rf5 50. Re4 Rf4 51. Bd3 Rxe4+ 52. Bxe4 Ne7 53.
Bf6 Kf8 54. Bxg5 f5 55. Bd3 Ke8 56. Kf2 Kd7 57. Ke3 Ke6 58. Bc4+ Kd6 59. Kf4
Kc5 60. Bb3 Nc6 61. Bg8 Nd4 62. Be7+ Kb6 63. Bh4 Kc6 64. Bf2 Nb5 65. Kxf5 Nd6+
66. Ke5 Nc8 67. Bb3 Nb6 68. Bf7 Nd7+ 69. Kd4 Kd6 70. Bd5 Nf6 71. Bg3+ Kd7 72.
Bb3 Ne8 73. Ba4+ Ke7 74. Ke5 Kf7 75. Bh4 Ng7 76. Bb3+ 1/2-1/2

[Event "4NCL/Div2d/SWD2 vs. BARY"]
[Site "Hinckley Island ENG"]
[Date "2009.03.22"]
[Round "8.2"]
[White "Hodgson, John H"]
[Black "Burton, Graham P"]
[Result "1/2-1/2"]
[WhiteElo "2193"]
[BlackElo "2061"]
[PlyCount "46"]
[EventDate "2009.03.22"]
[EventCountry "ENG"]
[SourceDate "2008.10.04"]

1. e4 c5 2. Nf3 e6 3. d4 cxd4 4. Nxd4 Nc6 5. Nc3 Qc7 6. Be2 a6 7. O-O b5 8.
Nxc6 Qxc6 9. Bf3 Bb7 10. Bf4 Rc8 11. Re1 Be7 12. e5 Qc7 13. Bxb7 Qxb7 14. Ne4
Rc4 15. Qf3 Qc6 16. b3 Rxc2 17. Rac1 f5 18. exf6 Nxf6 19. Rxc2 Qxc2 20. Nxf6+
Bxf6 21. Qa8+ Bd8 22. Qxa6 O-O 23. Bg3 Bc7 1/2-1/2

[Event "4NCL/Div2d/SWD2 vs. BARY"]
[Site "Hinckley Island ENG"]
[Date "2009.03.22"]
[Round "8.3"]
[White "van Kemenade, Rudy"]
[Black "Sen, Subin"]
[Result "0-1"]
[WhiteElo "2020"]
[BlackElo "2066"]
[PlyCount "80"]
[EventDate "2009.03.22"]
[EventCountry "ENG"]
[SourceDate "2008.10.04"]

1. f4 d5 2. Nf3 g6 3. g3 Bg7 4. Bg2 Nf6 5. d3 O-O 6. O-O c5 7. Qe1 d4 8. Na3
Nc6 9. c3 Rb8 10. Nc4 Nd5 11. Bd2 f6 12. e4 dxe3 13. Nxe3 Be6 14. Nc4 Qd7 15.
a4 Rbd8 16. Rd1 Nb6 17. b3 Bf5 18. Be3 Qc7 19. Nb2 e5 20. Bxc5 Rfe8 21. Qf2
exf4 22. gxf4 Nd5 23. Nh4 Bg4 24. Rd2 Nxc3 25. f5 b6 26. Be3 g5 27. Nf3 Nd5 28.
Nc4 Nxe3 29. Nxe3 Bxf3 30. Bxf3 Nd4 31. Bd5+ Kh8 32. Bc4 Qc5 33. Kh1 Nxb3 34.
Bxb3 Qxe3 35. Qxe3 Rxe3 36. Rc1 Bf8 37. Rc7 Bc5 38. Rxa7 g4 39. Rf7 Re1+ 40.
Kg2 Rg1# 0-1

[Event "4NCL/Div2d/SWD2 vs. BARY"]
[Site "Hinckley Island ENG"]
[Date "2009.03.22"]
[Round "8.4"]
[White "O'Toole, George E"]
[Black "Davies, G Brian"]
[Result "1/2-1/2"]
[WhiteElo "2059"]
[BlackElo "1833"]
[PlyCount "98"]
[EventDate "2009.03.22"]
[EventCountry "ENG"]
[SourceDate "2008.10.04"]

1. e4 d6 2. d4 Nf6 3. Nc3 e5 4. Nf3 Nbd7 5. Bc4 Be7 6. O-O c6 7. a4 O-O 8. Re1
Qc7 9. h3 Nb6 10. Bb3 Be6 11. a5 Nc8 12. Bxe6 fxe6 13. Ng5 Qd7 14. dxe5 dxe5
15. Qxd7 Nxd7 16. Nxe6 Rf6 17. Ng5 Nd6 18. Nf3 Nf7 19. Rd1 Rd6 20. Be3 Kf8 21.
Nd2 Ke8 22. Nc4 Rxd1+ 23. Rxd1 Nc5 24. f3 a6 25. f4 exf4 26. Bxf4 Rd8 27. Rxd8+
Bxd8 28. Nd6+ Nxd6 29. Bxd6 Ne6 30. b4 Nd4 31. Kf2 Nxc2 32. Na4 Be7 33. Bxe7
Kxe7 34. Nc5 Nxb4 35. Nxb7 Ke6 36. g3 Ke5 37. Ke3 g5 38. g4 h6 39. Nd8 c5 40.
Nf7+ Ke6 41. Nxh6 Nc6 42. Nf5 Nxa5 43. h4 gxh4 44. Nxh4 Nc4+ 45. Kd3 Ne5+ 46.
Kc3 Kf6 47. Nf5 a5 48. Nd6 a4 49. Nb7 Nd7 1/2-1/2

[Event "4NCL/Div2d/SWD2 vs. BARY"]
[Site "Hinckley Island ENG"]
[Date "2009.03.22"]
[Round "8.5"]
[White "Homer, Neil"]
[Black "Wells, Daniel"]
[Result "0-1"]
[WhiteElo "135"]
[BlackElo "2002"]
[PlyCount "66"]
[EventDate "2009.03.22"]
[EventCountry "ENG"]
[SourceDate "2008.10.04"]

1. Nf3 Nf6 2. c4 g6 3. Nc3 Bg7 4. e4 d6 5. d4 O-O 6. Be2 e5 7. O-O Nc6 8. d5
Ne7 9. Be3 Ng4 10. Bg5 f5 11. Bxe7 Qxe7 12. h3 Nf6 13. Bd3 f4 14. Re1 h5 15.
Be2 Bh6 16. Nh2 Rf7 17. a4 a5 18. Qc2 b6 19. Rab1 Rg7 20. Qd1 Qf7 21. Kh1 g5
22. f3 g4 23. fxg4 hxg4 24. Nxg4 Nxg4 25. hxg4 Bg5 26. Kg1 Bh4 27. Bf3 Bxe1 28.
Qxe1 Bxg4 29. Qe2 Bxf3 30. Qxf3 Rg3 31. Qf2 Qg6 32. Kf1 Rf8 33. Re1 f3 0-1

[Event "4NCL/Div2d/SWD2 vs. BARY"]
[Site "Hinckley Island ENG"]
[Date "2009.03.22"]
[Round "8.6"]
[White "Cumming, Rhys"]
[Black "Robson, Tony"]
[Result "1-0"]
[WhiteElo "1883"]
[BlackElo "125"]
[PlyCount "31"]
[EventDate "2009.03.22"]
[EventCountry "ENG"]
[SourceDate "2008.10.04"]

1. e4 e6 2. d4 d5 3. e5 c5 4. c3 Nc6 5. Nf3 a6 6. Be2 cxd4 7. cxd4 Nge7 8. Na3
Nf5 9. Nc2 a5 10. O-O Qb6 11. Bd3 Nfxd4 12. Ncxd4 Nxd4 13. Nxd4 Qxd4 14. Bb5+
Bd7 15. Bxd7+ Kxd7 16. Qxd4 1-0

[Event "4NCL/Div2d/FCA1 vs. BRJ"]
[Site "Hinckley Island ENG"]
[Date "2009.03.22"]
[Round "8.1"]
[White "Almond, Richard"]
[Black "Richmond, Peter A"]
[Result "1-0"]
[WhiteElo "2126"]
[BlackElo "2253"]
[PlyCount "87"]
[EventDate "2009.03.22"]
[EventCountry "ENG"]
[SourceDate "2008.10.04"]

1. d4 d5 2. c4 e5 3. dxe5 d4 4. Nf3 Nc6 5. g3 Nge7 6. Bg2 Ng6 7. O-O Ngxe5 8.
Nbd2 Be7 9. b3 O-O 10. Bb2 f5 11. Nxe5 Nxe5 12. Nf3 Nxf3+ 13. Bxf3 Bf6 14. Qd3
c5 15. Rad1 Qc7 16. Bd5+ Kh8 17. Qf3 Rb8 18. Bc1 b6 19. e3 Bd7 20. exd4 Bxd4
21. Rxd4 cxd4 22. Bf4 Qc5 23. Bxb8 Rxb8 24. Rd1 Rf8 25. Qf4 Qa3 26. Qxd4 f4 27.
Be4 Bh3 28. Qd6 Qxd6 29. Rxd6 g6 30. f3 fxg3 31. hxg3 Bf5 32. Bxf5 Rxf5 33. Rd7
Rxf3 34. Kg2 Rc3 35. Rxa7 h5 36. Rb7 g5 37. Rxb6 Kg7 38. a4 g4 39. a5 Rc2+ 40.
Kg1 Rc3 41. Kf2 Rc2+ 42. Ke3 h4 43. gxh4 g3 44. h5 1-0

[Event "4NCL/Div2d/FCA1 vs. BRJ"]
[Site "Hinckley Island ENG"]
[Date "2009.03.22"]
[Round "8.2"]
[White "Girdlestone, Paul"]
[Black "Tippleston, Charles"]
[Result "1-0"]
[WhiteElo "2127"]
[BlackElo "2170"]
[PlyCount "73"]
[EventDate "2009.03.22"]
[EventCountry "ENG"]
[SourceDate "2008.10.04"]

1. d4 Nf6 2. Nf3 e6 3. g3 d5 4. Bg2 c5 5. O-O cxd4 6. Nxd4 Be7 7. c4 O-O 8.
cxd5 Nxd5 9. e4 Nb4 10. Nc3 N8c6 11. Nxc6 Nxc6 12. Be3 Qa5 13. Qa4 Bf6 14. Qxa5
Nxa5 15. Bc5 Rd8 16. Rad1 Rd7 17. f4 Nc6 18. e5 Bd8 19. Ne4 Bc7 20. b4 Nd8 21.
Nd6 Bxd6 22. Bxd6 f5 23. Rf2 Nf7 24. Rc2 a6 25. Rdc1 Rd8 26. Be7 Re8 27. Rc7
Rb8 28. Bd6 Nxd6 29. exd6 Rd8 30. Re7 Rxd6 31. Re8+ Kf7 32. Rexc8 Rxc8 33. Rxc8
b6 34. Rc6 Rd1+ 35. Bf1 a5 36. Rxb6 axb4 37. Rxb4 1-0

[Event "4NCL/Div2d/FCA1 vs. BRJ"]
[Site "Hinckley Island ENG"]
[Date "2009.03.22"]
[Round "8.3"]
[White "Smith, Graham"]
[Black "Hall, Daniel J"]
[Result "1-0"]
[WhiteElo "2103"]
[BlackElo "2133"]
[PlyCount "111"]
[EventDate "2009.03.22"]
[EventCountry "ENG"]
[SourceDate "2008.10.04"]

1. d4 Nf6 2. c4 e6 3. g3 c5 4. d5 exd5 5. cxd5 b5 6. Bg2 Bb7 7. Nh3 d6 8. O-O
Nbd7 9. b3 g6 10. Bb2 Bg7 11. e4 O-O 12. Qc2 Rc8 13. Nd2 Re8 14. Rfe1 Qb6 15.
Rab1 Ne5 16. Kh1 a6 17. a4 Rc7 18. Bc3 Rce7 19. Ra1 Bc8 20. Rf1 Nfg4 21. Nf4 b4
22. Bxe5 Nxe5 23. Rad1 a5 24. Nd3 Ba6 25. Nxe5 Bxe5 26. Nc4 Qc7 27. Rg1 Bd4 28.
Rge1 Rb8 29. Bf1 Bc3 30. Re3 Rbe8 31. f3 Bb7 32. Rxc3 bxc3 33. Qxc3 Ba6 34.
Nxa5 Bxf1 35. Rxf1 f5 36. Nc6 Rf7 37. Re1 fxe4 38. Rxe4 Rxe4 39. fxe4 Qd7 40.
Kg2 Qg4 41. Qd3 h5 42. h3 Qg5 43. h4 Qg4 44. e5 Rf4 45. Ne7+ Kg7 46. exd6 Rd4
47. Qc2 c4 48. bxc4 Rxc4 49. Qxg6+ Qxg6 50. Nxg6 Rc8 51. Nf4 Kf7 52. Nxh5 Rd8
53. Kf3 Rxd6 54. Nf4 Ra6 55. Kg4 Rxa4 56. Kf5 1-0

[Event "4NCL/Div2d/FCA1 vs. BRJ"]
[Site "Hinckley Island ENG"]
[Date "2009.03.22"]
[Round "8.4"]
[White "Haydon, Richard"]
[Black "Reuben, Stewart"]
[Result "0-1"]
[WhiteElo "2198"]
[BlackElo "2113"]
[PlyCount "48"]
[EventDate "2009.03.22"]
[EventCountry "ENG"]
[SourceDate "2008.10.04"]

1. Nf3 c5 2. g3 g6 3. Bg2 Bg7 4. O-O Nc6 5. d3 Nf6 6. e4 d5 7. Nbd2 O-O 8. c3
dxe4 9. dxe4 Qc7 10. Qe2 b6 11. Re1 a5 12. Nc4 Ba6 13. a4 Nd7 14. Bf4 Qb7 15.
e5 b5 16. axb5 Qxb5 17. Nfd2 Ndxe5 18. Bxe5 Nxe5 19. Bxa8 Rxa8 20. b3 Nxc4 21.
bxc4 Qc6 22. Rxa5 Bxc3 23. Ra3 Bb7 24. Rxa8+ Bxa8 0-1

[Event "4NCL/Div2d/FCA1 vs. BRJ"]
[Site "Hinckley Island ENG"]
[Date "2009.03.22"]
[Round "8.5"]
[White "Majer, Chris E"]
[Black "Richmond, Jane"]
[Result "1/2-1/2"]
[WhiteElo "2081"]
[BlackElo "2137"]
[PlyCount "93"]
[EventDate "2009.03.22"]
[EventCountry "ENG"]
[SourceDate "2008.10.04"]

1. e4 e6 2. d4 d5 3. e5 c5 4. c3 Ne7 5. Nf3 Nbc6 6. Be3 Nf5 7. Qd2 Be7 8. dxc5
a5 9. Bd4 a4 10. Na3 b6 11. Bb5 Bd7 12. Bxc6 Bxc6 13. cxb6 Nxd4 14. Qxd4 Ra5
15. O-O O-O 16. Nc2 Bc5 17. Qg4 Bb5 18. Rfd1 Qxb6 19. Ncd4 Raa8 20. Rd2 Bc4 21.
Qf4 Qc7 22. Qe3 Rab8 23. Qe1 Rb6 24. Qd1 Ra8 25. h3 Qb7 26. Qc2 Rb8 27. Qxa4
Rxb2 28. Qd1 Ba3 29. Nb3 Rxd2 30. Qxd2 Qc7 31. Nfd4 Rc8 32. f4 Ba6 33. Ne2 Bxe2
34. Qxe2 Qxc3 35. Qa6 Bc5+ 36. Nxc5 Qxa1+ 37. Kh2 Rf8 38. Nd7 Qd4 39. Nxf8
Qxf4+ 40. Kh1 Qc1+ 41. Kh2 Qf4+ 42. Kh1 Qc1+ 43. Kh2 Kxf8 44. Qd6+ Ke8 45. Qb8+
Kd7 46. Qd6+ Ke8 47. Qb8+ 1/2-1/2

[Event "4NCL/Div2d/FCA1 vs. BRJ"]
[Site "Hinckley Island ENG"]
[Date "2009.03.22"]
[Round "8.6"]
[White "Cabero, Pablo Padilla"]
[Black "Utyuzhnikova, Galina"]
[Result "1/2-1/2"]
[WhiteElo "2162"]
[BlackElo "2105"]
[PlyCount "113"]
[EventDate "2009.03.22"]
[EventCountry "ENG"]
[SourceDate "2008.10.04"]

1. e4 e6 2. d4 d5 3. Bb5+ Bd7 4. Qe2 dxe4 5. Nd2 Nf6 6. Nh3 Be7 7. c3 O-O 8.
Bxd7 Nbxd7 9. Nxe4 c5 10. Nxf6+ Nxf6 11. Be3 cxd4 12. Bxd4 Qa5 13. O-O Rfd8 14.
Nf4 Qf5 15. Nd3 Bd6 16. f4 b6 17. b4 Qe4 18. Rae1 Qxe2 19. Rxe2 Nd5 20. f5 exf5
21. Rxf5 Bf8 22. Ne5 f6 23. Nc6 Rd7 24. a4 Ne7 25. Nxe7+ Bxe7 26. Rb5 Kf7 27.
Ra2 Rc8 28. a5 Rc4 29. axb6 axb6 30. Ra4 Bd8 31. Kf2 Re7 32. Ra8 Bc7 33. Rc8
Bg3+ 34. Kxg3 Rxc8 35. Rxb6 Kg6 36. b5 Kf5 37. Kf3 h5 38. h3 Rc4 39. Ra6 Rb7
40. b6 Rc6 41. Ke3 g6 42. g3 Ke6 43. Kd3 f5 44. c4 Kd7 45. c5 Rc8 46. Ra1 Re8
47. g4 hxg4 48. hxg4 Kc6 49. Rf1 Rf7 50. gxf5 gxf5 51. Kc4 Re2 52. Kd3 Re4 53.
Rb1 Rd7 54. Rb4 Rg4 55. Ke3 Re4+ 56. Kd3 Rg4 57. Ke3 1/2-1/2

[Event "4NCL/Div2d/FCA1 vs. BRJ"]
[Site "Hinckley Island ENG"]
[Date "2009.03.22"]
[Round "8.7"]
[White "Kendall, Paul S N"]
[Black "Bourne, Johnathan"]
[Result "1-0"]
[WhiteElo "2063"]
[BlackElo "2096"]
[PlyCount "65"]
[EventDate "2009.03.22"]
[EventCountry "ENG"]
[SourceDate "2008.10.04"]

1. e4 c6 2. d4 d5 3. exd5 cxd5 4. Bd3 Nf6 5. c3 Nc6 6. Bf4 Bg4 7. Qb3 Qd7 8.
Nd2 e6 9. Ngf3 Bxf3 10. Nxf3 Bd6 11. Bxd6 Qxd6 12. O-O O-O 13. Rae1 Nd7 14. Qc2
g6 15. Re3 Rac8 16. Qe2 Rfd8 17. h4 Na5 18. Ng5 Nc4 19. Rf3 Rf8 20. Rh3 e5 21.
h5 e4 22. Nxe4 dxe4 23. Bxc4 Nf6 24. hxg6 hxg6 25. Bb3 Kg7 26. f3 Rce8 27. fxe4
Rxe4 28. Rxf6 Qe7 29. Qf3 Re1+ 30. Kh2 Qxf6 31. Rh7+ Kxh7 32. Qxf6 Re2 33. Bxf7
1-0

[Event "4NCL/Div2d/FCA1 vs. BRJ"]
[Site "Hinckley Island ENG"]
[Date "2009.03.22"]
[Round "8.8"]
[White "Streeter, Harry"]
[Black "Freeman, Richard C P"]
[Result "1/2-1/2"]
[WhiteElo "1909"]
[BlackElo "2066"]
[PlyCount "52"]
[EventDate "2009.03.22"]
[EventCountry "ENG"]
[SourceDate "2008.10.04"]

1. e4 c5 2. d4 cxd4 3. c3 g6 4. cxd4 d5 5. e5 Nc6 6. Nc3 Nh6 7. Bb5 Bg7 8. Bf4
e6 9. Qd2 Nf5 10. g4 Nfe7 11. Nf3 h5 12. Bg5 hxg4 13. Nh4 Bd7 14. Rg1 Qb6 15.
Bxc6 Bxc6 16. Rxg4 Nf5 17. Nxf5 gxf5 18. Rh4 Kd7 19. Rxh8 Rxh8 20. h4 Qb4 21.
O-O-O Qf8 22. Qf4 Bh6 23. Rg1 Bxg5 24. Qxg5 Qh6 25. Qxh6 Rxh6 26. Rh1 Ke7
1/2-1/2

[Event "4NCL/Div2d/CELT1 vs. ANGA"]
[Site "Hinckley Island ENG"]
[Date "2009.03.22"]
[Round "8.1"]
[White "Wippermann, Till"]
[Black "Bucknell, Malcolm"]
[Result "1-0"]
[WhiteElo "2456"]
[BlackElo "2175"]
[PlyCount "65"]
[EventDate "2009.03.22"]
[EventCountry "ENG"]
[SourceDate "2008.10.04"]

1. e4 c6 2. d4 d5 3. e5 Bf5 4. Nd2 e6 5. Nb3 h6 6. Nf3 Nd7 7. Be2 Ne7 8. O-O
Bh7 9. h3 Rc8 10. c3 a6 11. a4 Nf5 12. c4 Be7 13. Bd2 dxc4 14. Bxc4 O-O 15. Ba5
b6 16. Bc3 a5 17. Qe2 g5 18. Nfd2 Bb4 19. Ne4 Bxc3 20. bxc3 Kh8 21. g4 Nh4 22.
Nd6 Ng6 23. Nxc8 Qxc8 24. Nc1 Nf4 25. Qf3 f6 26. exf6 e5 27. f7 e4 28. Qe3 Nf6
29. Ne2 Nxg4 30. hxg4 Qxg4+ 31. Qg3 Nxe2+ 32. Bxe2 Qxe2 33. Qe5# 1-0

[Event "4NCL/Div2d/CELT1 vs. ANGA"]
[Site "Hinckley Island ENG"]
[Date "2009.03.22"]
[Round "8.2"]
[White "Player, Edmund C"]
[Black "Maciol, Ryszard"]
[Result "0-1"]
[WhiteElo "2129"]
[BlackElo "2248"]
[PlyCount "78"]
[EventDate "2009.03.22"]
[EventCountry "ENG"]
[SourceDate "2008.10.04"]

1. e4 e6 2. d4 d5 3. Nd2 c5 4. exd5 exd5 5. Ngf3 Nc6 6. Bb5 Bd6 7. dxc5 Bxc5 8.
Bxc6+ bxc6 9. O-O Ne7 10. Nb3 Bd6 11. Qd4 O-O 12. Bf4 Nf5 13. Qa4 Be6 14. Bxd6
Qxd6 15. Qa5 Rfb8 16. Qc3 Rb4 17. Qe5 Rc8 18. c3 Rb6 19. Rfd1 c5 20. Rd2 Qxe5
21. Nxe5 f6 22. Nf3 Nd6 23. Ne1 Bf7 24. f3 Rb5 25. Rad1 Rcb8 26. Kf1 a5 27. Re2
a4 28. Nc1 Rxb2 29. Ncd3 Rxe2 30. Kxe2 Rb5 31. Nf4 Nc4 32. Rc1 g5 33. Nfd3 Bg6
34. Rc2 a3 35. Rc1 Nb2 36. Kd2 Kf7 37. Nf2 Nc4+ 38. Kd1 Rb2 39. Nfd3 Ne3# 0-1

[Event "4NCL/Div2d/CELT1 vs. ANGA"]
[Site "Hinckley Island ENG"]
[Date "2009.03.22"]
[Round "8.3"]
[White "Hoffmann, Hendrik"]
[Black "Gregory, Stephen J"]
[Result "1-0"]
[WhiteElo "2211"]
[BlackElo "2169"]
[PlyCount "91"]
[EventDate "2009.03.22"]
[EventCountry "ENG"]
[SourceDate "2008.10.04"]

1. e4 d5 2. exd5 Qxd5 3. Nc3 Qa5 4. d4 Nf6 5. Bc4 c6 6. Nf3 Bg4 7. Bd2 e6 8. h3
Bxf3 9. Qxf3 Qb6 10. O-O-O Be7 11. g4 Nbd7 12. g5 Nd5 13. Rhe1 Nxc3 14. Qxc3
O-O 15. h4 a5 16. Qh3 a4 17. a3 Qd8 18. g6 hxg6 19. h5 g5 20. h6 g6 21. Bxe6
Nb6 22. d5 cxd5 23. h7+ Kh8 24. Bc3+ Bf6 25. Bxd5 Nxd5 26. Rxd5 Qb6 27. Rxg5
Rac8 28. Rg3 Rfe8 29. Rxe8+ Rxe8 30. Qd7 Rf8 31. Qe7 Kg7 32. Rxg6+ Kxg6 33.
Qxf8 Qxf2 34. Qg8+ Kf5 35. Qc8+ Kg6 36. h8=N+ Bxh8 37. Qg4+ Kh6 38. Bxh8 Qf1+
39. Qd1 Qf4+ 40. Qd2 Kg5 41. Qxf4+ Kxf4 42. Kd2 Ke4 43. Bf6 Kf5 44. Bd4 Ke4 45.
Kc3 f5 46. Bb6 1-0

[Event "4NCL/Div2d/CELT1 vs. ANGA"]
[Site "Hinckley Island ENG"]
[Date "2009.03.22"]
[Round "8.4"]
[White "Munson, Shaun D"]
[Black "Pedersen, Carsten"]
[Result "1/2-1/2"]
[WhiteElo "2175"]
[BlackElo "2161"]
[PlyCount "121"]
[EventDate "2009.03.22"]
[EventCountry "ENG"]
[SourceDate "2008.10.04"]

1. d4 Nf6 2. Bg5 e6 3. e3 d6 4. Nc3 h6 5. Bh4 Be7 6. Nf3 O-O 7. Be2 Nbd7 8. O-O
Nd5 9. Bxe7 Qxe7 10. e4 Nxc3 11. bxc3 e5 12. Nd2 Nf6 13. Bf3 Re8 14. Re1 Qd7
15. Re3 Qa4 16. Nb3 b6 17. h3 g6 18. Qd2 Kg7 19. Ree1 Bb7 20. Qd3 Rad8 21. Nd2
Ba6 22. c4 exd4 23. Qxd4 Qa5 24. Qd3 Nd7 25. Be2 Bb7 26. f4 Nc5 27. Qd4+ Kg8
28. Bf3 Ne6 29. Qe3 Qc5 30. g3 Qxe3+ 31. Rxe3 Nd4 32. Bd1 f5 33. c3 Nc6 34. Ba4
Re7 35. Rae1 fxe4 36. Nxe4 Kg7 37. Kf2 Na5 38. Nd2 Rxe3 39. Rxe3 Kf7 40. Bb3
Re8 41. Rxe8 Kxe8 42. Bc2 Kf7 43. Ke3 Bg2 44. h4 Bh3 45. Be4 Kf6 46. Bd3 Be6
47. Be2 h5 48. Bd3 Kg7 49. Kd4 Kf7 50. Ne4 Kg7 51. Nd2 Kf6 52. Be2 Nc6+ 53. Ke3
Na5 54. Kd4 Nc6+ 55. Kd3 Na5 56. Bf3 Kg7 57. Kd4 Kf6 58. Ne4+ Ke7 59. Nd2 Kf6
60. Ne4+ Ke7 61. Nd2 1/2-1/2

[Event "4NCL/Div2d/CELT1 vs. ANGA"]
[Site "Hinckley Island ENG"]
[Date "2009.03.22"]
[Round "8.5"]
[White "Mueller, Jan"]
[Black "Gray, Mark S"]
[Result "1-0"]
[WhiteElo "2100"]
[BlackElo "2138"]
[PlyCount "61"]
[EventDate "2009.03.22"]
[EventCountry "ENG"]
[SourceDate "2008.10.04"]

1. d4 Nf6 2. Bg5 Ne4 3. Bf4 d5 4. f3 Nf6 5. e4 dxe4 6. Nc3 exf3 7. Nxf3 Bg4 8.
Bc4 e6 9. O-O c6 10. Qd2 Be7 11. Ne5 Bh5 12. Rae1 O-O 13. Re3 Nbd7 14. Rh3 c5
15. d5 Nxe5 16. Bxe5 exd5 17. Nxd5 Nxd5 18. Bxd5 Bg6 19. c4 Kh8 20. Qh6 Bf6 21.
Rxf6 gxf6 22. Bc3 Qe7 23. Rf3 Rfe8 24. Rxf6 Qe1+ 25. Bxe1 Rxe1+ 26. Kf2 Rae8
27. h4 R1e2+ 28. Kg1 Rxb2 29. h5 Rb1+ 30. Kh2 Bd3 31. Rxf7 1-0

[Event "4NCL/Div2d/CELT1 vs. ANGA"]
[Site "Hinckley Island ENG"]
[Date "2009.03.22"]
[Round "8.6"]
[White "Cook, Michael"]
[Black "Thomas, Robert K"]
[Result "1-0"]
[WhiteElo "2045"]
[BlackElo "2156"]
[PlyCount "39"]
[EventDate "2009.03.22"]
[EventCountry "ENG"]
[SourceDate "2008.10.04"]

1. d4 e6 2. e4 d5 3. exd5 exd5 4. Be2 Bf5 5. Nf3 Bd6 6. O-O Ne7 7. c4 c6 8. Nc3
dxc4 9. Bxc4 O-O 10. Bg5 Nd7 11. Re1 Nb6 12. Bb3 Qd7 13. Bxe7 Bxe7 14. Ne5 Qd6
15. Qf3 Bg6 16. Rad1 Qf6 17. Qxf6 Bxf6 18. Nxg6 hxg6 19. Ne4 Rae8 20. Bxf7+ 1-0

[Event "4NCL/Div2d/CELT1 vs. ANGA"]
[Site "Hinckley Island ENG"]
[Date "2009.03.22"]
[Round "8.7"]
[White "French, Angus"]
[Black "Merry, Alan B"]
[Result "1-0"]
[WhiteElo "2115"]
[BlackElo "1900"]
[PlyCount "95"]
[EventDate "2009.03.22"]
[EventCountry "ENG"]
[SourceDate "2008.10.04"]

1. e4 c5 2. c3 Nf6 3. e5 Nd5 4. Nf3 Nc6 5. Bc4 Nb6 6. Bb3 c4 7. Bc2 Qc7 8. Qe2
e6 9. d3 cxd3 10. Bxd3 d6 11. Bf4 Nd5 12. Bg3 dxe5 13. Nxe5 Bd6 14. Nxc6 bxc6
15. Bxd6 Qxd6 16. g3 Rb8 17. O-O c5 18. Nd2 O-O 19. Nc4 Qe7 20. Ne5 Bb7 21.
Rfe1 Rfd8 22. Be4 Qg5 23. h4 Qe7 24. Rab1 Nf6 25. Bxb7 Qxb7 26. b4 Nd5 27. Qf3
cxb4 28. cxb4 Nf6 29. Qxb7 Rxb7 30. Rec1 Nd5 31. b5 f6 32. Nc6 Rc8 33. a4 Rbc7
34. Rc2 Kf8 35. Rbc1 Ke8 36. Kf1 Nb6 37. a5 Nd5 38. a6 Ne7 39. Nd4 Rxc2 40.
Rxc2 Kd7 41. Rd2 Nd5 42. f4 Kd6 43. f5 e5 44. Nc6 Rc7 45. Nb4 Rc5 46. Rxd5+
Rxd5 47. Nxd5 Kxd5 48. b6 1-0

[Event "4NCL/Div2d/CELT1 vs. ANGA"]
[Site "Hinckley Island ENG"]
[Date "2009.03.22"]
[Round "8.8"]
[White "Wallis, Ian"]
[Black "Owens, Megan"]
[Result "1-0"]
[WhiteElo "1962"]
[BlackElo "1735"]
[PlyCount "77"]
[EventDate "2009.03.22"]
[EventCountry "ENG"]
[SourceDate "2008.10.04"]

1. e4 c5 2. Nf3 a6 3. c4 Nc6 4. Nc3 d6 5. d3 Nf6 6. g3 b6 7. Bg2 Bb7 8. O-O g6
9. Nh4 Bg7 10. f4 O-O 11. f5 Ne5 12. Bf4 e6 13. fxe6 fxe6 14. Bh3 Qe7 15. Bxe5
dxe5 16. Qd2 Rad8 17. Qe3 Rd6 18. Nd1 Rfd8 19. Nf2 Kh8 20. Rad1 Ng8 21. Ng4 Qd7
22. Qg5 Bxe4 23. Nxe5 Bh6 24. Nxd7 Bxg5 25. dxe4 R8xd7 26. Rxd6 Be3+ 27. Kh1
Rxd6 28. e5 Rd8 29. Bxe6 Re8 30. Bd5 Bd4 31. e6 Nf6 32. Nf3 Bxb2 33. Rb1 Nxd5
34. cxd5 Bf6 35. Rxb6 Be7 36. d6 Bd8 37. d7 Rf8 38. Rb8 Kg7 39. Rxd8 1-0

[Event "4NCL/Div2d/CHEDP vs. WES2"]
[Site "Hinckley Island ENG"]
[Date "2009.03.22"]
[Round "8.1"]
[White "Arkell, Keith"]
[Black "Jenks, Bruce"]
[Result "1-0"]
[WhiteElo "2510"]
[BlackElo "2134"]
[PlyCount "41"]
[EventDate "2009.03.22"]
[EventCountry "ENG"]
[SourceDate "2008.10.04"]

1. d4 Nf6 2. Nf3 c5 3. d5 b5 4. Bg5 Bb7 5. Bxf6 gxf6 6. e4 Rg8 7. Nc3 b4 8. Ne2
d6 9. Ng3 Nd7 10. Bc4 Qb6 11. O-O Bh6 12. a3 Bf4 13. Nf5 a5 14. axb4 cxb4 15.
N3d4 Be5 16. c3 Rc8 17. Qe2 Qc5 18. Ba6 Bxa6 19. Qxa6 bxc3 20. Nc6 Nb6 21. Qb7
1-0

[Event "4NCL/Div2d/CHEDP vs. WES2"]
[Site "Hinckley Island ENG"]
[Date "2009.03.22"]
[Round "8.2"]
[White "Gregory, Keith D"]
[Black "Grooten, Herman"]
[Result "0-1"]
[WhiteElo "2060"]
[BlackElo "2347"]
[PlyCount "92"]
[EventDate "2009.03.22"]
[EventCountry "ENG"]
[SourceDate "2008.10.04"]

1. Nf3 Nf6 2. c4 c5 3. g3 b6 4. Bg2 Bb7 5. O-O e6 6. b3 Be7 7. Bb2 a6 8. d3 d5
9. Nbd2 d4 10. Qc2 Nc6 11. Rae1 O-O 12. a3 Nd7 13. e3 e5 14. exd4 cxd4 15. b4
b5 16. Re2 f5 17. cxb5 axb5 18. Ng5 Bxg5 19. Bxc6 Qc8 20. Qb3+ Kh8 21. Bxb7
Qxb7 22. f4 Bh6 23. Nf3 Rae8 24. Ng5 Bxg5 25. fxg5 Qc6 26. Rc2 Qd6 27. Rcf2 f4
28. Bc1 fxg3 29. hxg3 Rxf2 30. Rxf2 Qe6 31. Qxe6 Rxe6 32. Rc2 Kg8 33. Kf2 Kf7
34. Rc7 Ke7 35. Bd2 Ra6 36. Bc1 Kd6 37. Rc2 Rc6 38. Rxc6+ Kxc6 39. Kf3 Kd5 40.
Bd2 Nb6 41. Bc1 g6 42. Bd2 Na4 43. Bc1 Nc3 44. Bd2 e4+ 45. dxe4+ Nxe4 46. Bf4
Nc3 0-1